000 01149nam a22002657a 4500
005 20141119120151.0
008 140714b xxu||||| |||| 00| 0 Urdu d
010 _aUR-127 B-548022-025
020 _a9789350732144
_c150.00
035 _aU-127 B-548022-025
037 _bBPPD/Pub/Ven
037 _bPansy Books(Vend. /Edu. pub. House(Pub.)
040 _aDPL
_bUrdu
082 _a582
100 _aہا ر و ن يحيئ
245 _aفطر ی حيا تا تی تقليد ا ت
_cہا ر و ن يحيئ
246 _aNatural Biological Imitations
_bbyHaroon Yahiya
260 _aد ھلی
_bا يجو کيشنل پبليشنگ ہا ؤس
_c2013
260 _bPansy Books(Vender)
270 _a3108،و کيل اسٹر يٹ ،کو چہ پنڈ ت ،لال کنو ا ن
_bد ھلی
_e110006
_k23216162،23214465
270 _aR2,/66/A Somesh Vihar,Chhawala
_bNew Delhi
_e110071
_k01125317355
300 _a140ص
_c22Cm (Hb)
942 _2ddc
_cUR
_e
_h582
_mہ ا ر
999 _c87371
_d87371